[Event "MCR senioru 2014 - nad 60 let"]
[Site "Rychnov nad Kneznou"]
[Date "2014.08.24"]
[Round "9.9"]
[White "Drabek, Miloslav"]
[Black "Jirasek, Jiri"]
[Result "1-0"]
[WhiteElo "2028"]
[BlackElo "1898"]
[PlyCount "53"]
[EventDate "2014.??.??"]

1. d4 Nf6 2. Nf3 e6 3. c4 c5 4. d5 exd5 5. cxd5 d6 6. Nc3 g6 7. g3 Bg7 8. Bg2
O-O 9. O-O Re8 10. Nd2 a6 11. a4 Qc7 12. e4 Nbd7 13. Nc4 Ne5 14. Nxe5 Rxe5 15.
Bf4 Re8 16. Re1 Nd7 17. Qc2 Ne5 18. h3 Bd7 19. a5 c4 20. Be3 Qc8 21. Kh2 Nd3
22. Rf1 Re5 23. Na4 Bxa4 24. Rxa4 Qd8 25. Rxc4 Nc5 26. b4 Nd7 27. Bf4 1-0

[Event "MCR senioru 2014 - nad 60 let"]
[Site "Rychnov nad Kneznou"]
[Date "2014.08.24"]
[Round "9.10"]
[White "Sibl, Vaclav"]
[Black "Sedlacek, Jan"]
[Result "1/2-1/2"]
[WhiteElo "1965"]
[BlackElo "1891"]
[PlyCount "26"]
[EventDate "2014.??.??"]

1. d4 d5 2. Bf4 Nf6 3. e3 c5 4. c3 e6 5. Nf3 Nc6 6. Nbd2 Bd6 7. Ne5 O-O 8. Nxc6
bxc6 9. Bxd6 Qxd6 10. f4 cxd4 11. cxd4 c5 12. Nb3 cxd4 13. Qxd4 Ba6 1/2-1/2

[Event "MCR senioru 2014 - nad 60 let"]
[Site "Rychnov nad Kneznou"]
[Date "2014.08.25"]
[Round "9.11"]
[White "Prachaø, Josef"]
[Black "Švéda, Jiøí"]
[Result "1/2-1/2"]
[WhiteElo "1832"]
[BlackElo "1927"]
[PlyCount "101"]
[EventDate "2014.08.16"]

1. d4 e6 2. Nf3 f5 3. g3 Nf6 4. Bg2 c6 5. O-O d5 6. b3 Bd6 7. Bb2 O-O 8. Ne5
Bd7 9. Nxd7 Nbxd7 10. f4 Ne4 11. Nd2 Ndf6 12. Nxe4 Nxe4 13. Bxe4 fxe4 14. e3
Qe7 15. c4 Qf6 16. Qe2 Rf7 17. c5 Bc7 18. b4 Raf8 19. b5 g5 20. bxc6 bxc6 21.
Bc3 gxf4 22. exf4 Rg7 23. Kh1 Bb8 24. Rab1 Qf5 25. Rb2 h5 26. Qe3 Qh3 27. Rg2
Rf6 28. Kg1 Rfg6 29. Ba5 h4 30. Qb3 Kh7 31. Be1 Bc7 32. Qe3 Qf5 33. Kh1 Bd8 34.
Kg1 Bf6 35. Kh1 Qh3 36. Rfg1 Rb7 37. Bc3 Rbg7 38. Be1 Rb7 39. Bc3 Rgg7 40. Qe2
Qf5 41. Qe3 h3 42. Rb2 Qg4 43. Rf2 Rg8 44. Rgf1 Rgb8 45. Kg1 Rb1 46. Qd2 Qf5
47. Qe2 Rxf1+ 48. Rxf1 Qg6 49. g4 Bh4 50. g5 e3 51. Qxe3 1/2-1/2

[Event "MCR senioru 2014 - nad 60 let"]
[Site "Rychnov nad Kneznou"]
[Date "2014.08.25"]
[Round "9.12"]
[White "Kotva, Milan"]
[Black "Miciak, Emanuel"]
[Result "1-0"]
[WhiteElo "2037"]
[BlackElo "1865"]
[PlyCount "82"]
[EventDate "2014.08.16"]

1. e4 c5 2. Nc3 Nc6 3. Nf3 d6 4. Bb5 Bd7 5. O-O g6 6. d3 Bg7 7. Be3 e5 8. a4
Nge7 9. Bc4 O-O 10. h3 Nd4 11. Bg5 Qe8 12. Nh2 Be6 13. Nb5 Nxb5 14. axb5 Qd7
15. Qd2 h5 16. Ra3 Rae8 17. Rxa7 f6 18. Bh6 Nc8 19. Bxg7 Kxg7 20. Bxe6 Rxe6 21.
Ra3 Qxb5 22. Rb1 Re7 23. Nf1 b6 24. Ne3 Ra7 25. Qc3 Rff7 26. Rba1 Rxa3 27. Rxa3
Qc6 28. Qb3 b5 29. Qa2 Nb6 30. Ra6 Qb7 31. Qa5 Nc8 32. Nd5 f5 33. f3 fxe4 34.
dxe4 Qd7 35. Nb6 Nxb6 36. Qxb6 Qe7 37. Qxd6 Qg5 38. Qd1 Qe3+ 39. Kh1 g5 40. Ra3
Qf2 41. Qd8 Qg3 1-0

[Event "MCR senioru 2014 - nad 60 let"]
[Site "Rychnov nad Kneznou"]
[Date "2014.08.25"]
[Round "9.13"]
[White "Majerik, Vladimír"]
[Black "Chmelík, Jiøí"]
[Result "1/2-1/2"]
[WhiteElo "1885"]
[BlackElo "1976"]
[PlyCount "29"]
[EventDate "2014.08.16"]

1. d4 Nf6 2. Bg5 d5 3. e3 Nbd7 4. Nf3 e6 5. Bd3 c6 6. Nbd2 Be7 7. O-O O-O 8. c3
b6 9. Rc1 Bb7 10. Bb1 c5 11. Re1 Ne4 12. Bxe7 Qxe7 13. Ne5 Nxd2 14. Nxd7 Qxd7
15. Qxd2 1/2-1/2

[Event "MCR senioru 2014 - nad 60 let"]
[Site "Rychnov nad Kneznou"]
[Date "2014.08.25"]
[Round "9.14"]
[White "Glöckner, Jaromír"]
[Black "Doležal, Radoslav"]
[Result "1/2-1/2"]
[WhiteElo "1848"]
[BlackElo "1956"]
[PlyCount "22"]
[EventDate "2014.08.16"]

1. e4 e5 2. d4 exd4 3. Qxd4 Nc6 4. Qe3 d6 5. Nc3 Nf6 6. Bd2 g6 7. Be2 Bg7 8.
O-O-O Be6 9. f4 Qe7 10. h3 h5 11. Nf3 O-O-O 1/2-1/2

[Event "MCR senioru 2014 - nad 60 let"]
[Site "Rychnov nad Kneznou"]
[Date "2014.08.25"]
[Round "9.15"]
[White "Rùèka, Alois"]
[Black "Pittermann, Jan"]
[Result "1-0"]
[WhiteElo "1936"]
[BlackElo "1838"]
[PlyCount "43"]
[EventDate "2014.08.16"]

1. d4 Nf6 2. Nf3 g6 3. g3 Bg7 4. Bg2 d5 5. c4 O-O 6. cxd5 Nxd5 7. e4 Nb6 8. O-O
N8d7 9. Nc3 c5 10. dxc5 Nxc5 11. Bg5 f6 12. Be3 Ne6 13. Qb3 Kh8 14. Rfd1 Bd7
15. a4 Qc8 16. Rac1 Nc5 17. Qa2 a5 18. b3 Be6 19. Nd5 Nbd7 20. Nd4 Bxd5 21.
exd5 Qd8 22. Ne6 1-0

[Event "MCR senioru 2014 - nad 60 let"]
[Site "Rychnov nad Kneznou"]
[Date "2014.08.25"]
[Round "9.16"]
[White "Koèí, Ladislav"]
[Black "Brhlík, Antonín"]
[Result "1/2-1/2"]
[WhiteElo "1915"]
[BlackElo "1688"]
[PlyCount "63"]
[EventDate "2014.08.16"]

1. d4 Nf6 2. Nf3 g6 3. c4 Bg7 4. Nc3 O-O 5. g3 d6 6. Bg2 Nbd7 7. O-O e5 8. e4
c6 9. h3 Qb6 10. Na4 Qb4 11. Qc2 b5 12. cxb5 cxb5 13. Nc3 exd4 14. Ne2 d3 15.
Qxd3 Ne5 16. Nxe5 dxe5 17. Bd2 Qc4 18. Qxc4 bxc4 19. f4 Bb7 20. Nc3 Nd7 21. f5
gxf5 22. Rxf5 Nc5 23. Raf1 Bc8 24. R5f2 Nd3 25. Rf3 Be6 26. b3 Rad8 27. Bg5 Rd7
28. bxc4 Bxc4 29. Rd1 Nc5 30. Rxd7 Nxd7 31. Bf1 Be6 32. Be7 1/2-1/2

[Event "MCR senioru 2014 - nad 60 let"]
[Site "Rychnov nad Kneznou"]
[Date "2014.08.25"]
[Round "9.17"]
[White "Franc, Lubor"]
[Black "Portych, Václav"]
[Result "1/2-1/2"]
[WhiteElo "1905"]
[BlackElo "1823"]
[PlyCount "20"]
[EventDate "2014.08.16"]

1. e4 c5 2. Nf3 Nc6 3. d4 cxd4 4. Nxd4 Nf6 5. Nc3 e5 6. Nb3 Bb4 7. Bd3 Bxc3+ 8.
bxc3 d5 9. exd5 Qxd5 10. O-O O-O 1/2-1/2

[Event "MCR senioru 2014 - nad 60 let"]
[Site "Rychnov nad Kneznou"]
[Date "2014.08.25"]
[Round "9.20"]
[White "Klimeš, Jiøí"]
[Black "Haderka, Karel"]
[Result "1-0"]
[WhiteElo "1889"]
[BlackElo "1836"]
[PlyCount "50"]
[EventDate "2014.08.16"]

1. e4 e6 2. d4 d5 3. Nd2 dxe4 4. Nxe4 Nf6 5. Nxf6+ Qxf6 6. Nf3 h6 7. Bb5+ Bd7
8. Bxd7+ Nxd7 9. O-O c6 10. c4 O-O-O 11. Qa4 a6 12. Be3 g5 13. b4 g4 14. Nd2
Qe7 15. Rab1 Nb8 16. Ne4 f5 17. Nc5 Bg7 18. Rfd1 e5 19. Re1 Qf7 20. b5 f4 21.
bxa6 fxe3 22. axb7+ Kc7 23. Qa5+ Kd6 24. dxe5+ Ke7 25. Rxe3 Qe6 1-0

[Event "MCR senioru 2014 - nad 60 let"]
[Site "Rychnov nad Kneznou"]
[Date "2014.08.25"]
[Round "9.21"]
[White "Pokorný, Jan"]
[Black "Peøík, Alois"]
[Result "1/2-1/2"]
[WhiteElo "1866"]
[BlackElo "1817"]
[PlyCount "69"]
[EventDate "2014.08.16"]

1. c4 e5 2. d3 Nf6 3. Nf3 d6 4. g3 g6 5. Bg2 Bg7 6. Nc3 c6 7. O-O O-O 8. Bg5 h6
9. Bd2 Nbd7 10. Qc2 Re8 11. Rab1 Rb8 12. b4 Nf8 13. Rfc1 Bg4 14. h3 Bxf3 15.
Bxf3 Qd7 16. Bg2 Ne6 17. b5 d5 18. bxc6 bxc6 19. Rxb8 Rxb8 20. cxd5 cxd5 21.
Rb1 Rxb1+ 22. Qxb1 d4 23. Nd1 Qa4 24. Nb2 Qb5 25. a4 Qb3 26. Qc1 Bf8 27. Nc4
Qxa4 28. Nxe5 Qb5 29. Nc4 Kh7 30. Qb2 Qxb2 31. Nxb2 Nd7 32. Nc4 Ndc5 33. Ne5
Kg7 34. Nc6 Nb3 35. Be1 1/2-1/2

[Event "MCR senioru 2014 - nad 60 let"]
[Site "Rychnov nad Kneznou"]
[Date "2014.08.25"]
[Round "9.22"]
[White "Stankev, Martin"]
[Black "Tomèík, Alexander"]
[Result "1/2-1/2"]
[WhiteElo "1804"]
[BlackElo "1862"]
[PlyCount "57"]
[EventDate "2014.08.16"]

1. e4 c5 2. Nf3 Nc6 3. Bb5 a6 4. Bxc6 bxc6 5. d4 cxd4 6. Nxd4 Nf6 7. Nc3 Qc7 8.
O-O e5 9. Nf3 Be7 10. Re1 O-O 11. h3 Bb7 12. Na4 Rfe8 13. Bg5 d6 14. c4 h6 15.
Be3 c5 16. Nc3 Nxe4 17. Nd5 Bxd5 18. Qxd5 Nf6 19. Qd2 Bf8 20. Nh4 Qd7 21. Rad1
Qe6 22. Qc2 Rad8 23. b3 e4 24. g4 g6 25. Ng2 g5 26. Bc1 d5 27. cxd5 Rxd5 28.
Ne3 Rxd1 29. Rxd1 1/2-1/2

[Event "MCR senioru 2014 - nad 60 let"]
[Site "Rychnov nad Kneznou"]
[Date "2014.08.25"]
[Round "9.23"]
[White "Koøínek, Jaroslav"]
[Black "Milián, Milan"]
[Result "0-1"]
[WhiteElo "1810"]
[BlackElo "1861"]
[PlyCount "102"]
[EventDate "2014.08.16"]

1. e4 c6 2. d4 d5 3. Nc3 dxe4 4. Nxe4 Nd7 5. Nf3 Ngf6 6. Bd3 Nxe4 7. Bxe4 Nf6
8. Bd3 g6 9. Bd2 Bg7 10. c3 O-O 11. h3 Qc7 12. Qc2 a5 13. a4 Nd5 14. Qc1 Bd7
15. g4 Rfe8 16. Bc4 e5 17. dxe5 Bxe5 18. O-O Nf4 19. Bxf7+ Kxf7 20. Nxe5+ Qxe5
21. Bxf4 Qe4 22. Bd2 Rad8 23. Bg5 Bxg4 24. Qe3 Rd3 25. Qxe4 Rxe4 26. hxg4 Rxg4+
27. Kh2 Rxg5 28. Rad1 Rgd5 29. Rxd3 Rxd3 30. Kg2 Rd2 31. Rb1 Kf6 32. b4 axb4
33. Rxb4 Rd7 34. a5 h6 35. f3 Rd5 36. Rxb7 Rxa5 37. Rb4 Rc5 38. Rf4+ Kg7 39. c4
g5 40. Rd4 h5 41. Kg3 Kf6 42. Re4 Kf5 43. Rd4 Ke6 44. Kg2 Ke5 45. Re4+ Kf5 46.
Rd4 Re5 47. Kf2 c5 48. Rd8 Kf4 49. Rf8+ Rf5 50. Re8 g4 51. Re4+ Kg5 0-1

[Event "MCR senioru 2014 - nad 60 let"]
[Site "Rychnov nad Kneznou"]
[Date "2014.08.25"]
[Round "9.24"]
[White "Kindl, František"]
[Black "Tsapanidis, Vasilis"]
[Result "1-0"]
[WhiteElo "1857"]
[BlackElo "1780"]
[PlyCount "117"]
[EventDate "2014.08.16"]

1. c4 g6 2. Nc3 Bg7 3. Nf3 Nc6 4. g3 e5 5. Bg2 d6 6. O-O Be6 7. d3 Qd7 8. Rb1
Bh3 9. b4 Bxg2 10. Kxg2 b6 11. Nd5 Nf6 12. Bh6 Nxd5 13. Bxg7 Nc3 14. Qc2 Rg8
15. Qxc3 Rxg7 16. c5 f6 17. Rfc1 dxc5 18. bxc5 Ne7 19. e4 Rd8 20. cxb6 cxb6 21.
Rd1 Nc6 22. Rbc1 Nd4 23. Nxd4 Qxd4 24. Qc6+ Ke7 25. Rc4 Qd7 26. Qxd7+ Rxd7 27.
d4 exd4 28. Rdxd4 Rxd4 29. Rxd4 Ke6 30. Ra4 Rd7 31. f4 a5 32. Ra3 Rd2+ 33. Kh3
Kd6 34. g4 Rd4 35. Re3 b5 36. a3 b4 37. axb4 axb4 38. Kg3 Rc4 39. Kf3 Rc3 40.
h4 Rxe3+ 41. Kxe3 b3 42. Kd3 Kc5 43. g5 f5 44. e5 Kd5 45. Kc3 Kc5 46. Kxb3 Kb5
47. Ka3 Kc5 48. Ka4 Kc6 49. Kb4 Kb6 50. Kc4 Kc6 51. Kd4 Kc7 52. Kd5 Kd7 53. e6+
Ke7 54. Ke5 Ke8 55. Kf6 Kf8 56. e7+ Ke8 57. Ke6 h6 58. Kf6 h5 59. Kxg6 1-0

[Event "MCR senioru 2014 - nad 60 let"]
[Site "Rychnov nad Kneznou"]
[Date "2014.08.25"]
[Round "9.25"]
[White "Feldvábl, Vilém"]
[Black "Øehák, Jiøí"]
[Result "1/2-1/2"]
[WhiteElo "1712"]
[BlackElo "1841"]
[PlyCount "77"]
[EventDate "2014.08.16"]

1. d4 d5 2. c4 Bf5 3. Nf3 c6 4. b3 e6 5. Bd2 Nf6 6. e3 Ne4 7. c5 Nd7 8. b4 Be7
9. Be2 Bf6 10. Nc3 b6 11. O-O b5 12. Nxe4 Bxe4 13. Bc3 Bxf3 14. Bxf3 e5 15. Bg4
exd4 16. Bxd7+ Qxd7 17. Bxd4 Bxd4 18. Qxd4 O-O 19. e4 Rad8 20. Rad1 Qe7 21.
exd5 Rxd5 22. Qg4 Qe6 23. Qf3 Rfd8 24. h3 Qd7 25. Rxd5 Qxd5 26. Qxd5 Rxd5 27.
Re1 Kf8 28. Re2 Rd1+ 29. Kh2 Rb1 30. a3 Rb3 31. Re3 Rxe3 32. fxe3 Ke7 33. Kg3
Ke6 34. Kf4 f6 35. Ke4 g5 36. Kd4 h5 37. g4 h4 38. e4 a6 39. Kd3 1/2-1/2

[Event "MCR senioru 2014 - nad 70 let"]
[Site "Rychnov nad Kneznou"]
[Date "2014.08.24"]
[Round "9.1"]
[White "Zeman, Ladislav"]
[Black "Zamecnik, Bohumir"]
[Result "1-0"]
[WhiteElo "1870"]
[BlackElo "1852"]
[PlyCount "55"]
[EventDate "2014.??.??"]

1. e4 c5 2. Nc3 Nc6 3. g3 g6 4. Bg2 Bg7 5. Nge2 d6 6. O-O e5 7. Nd5 Nge7 8.
Nec3 O-O 9. d3 Rb8 10. a4 a6 11. Bg5 f6 12. Be3 Be6 13. h3 h6 14. Kh2 Kh7 15.
Qd2 f5 16. f4 b5 17. axb5 axb5 18. Nxe7 Nxe7 19. fxe5 b4 20. Ne2 fxe4 21. Rxf8
Qxf8 22. exd6 Nf5 23. Bxc5 Be5 24. Ra7+ Kh8 25. dxe4 Nh4 26. Nf4 Bxh3 27. d7
Nxg2 28. Bxf8 1-0

[Event "MCR senioru 2014 - nad 70 let"]
[Site "Rychnov nad Kneznou"]
[Date "2014.08.24"]
[Round "9.2"]
[White "Mesiarik, Rudolf"]
[Black "Bohuslav, Jan"]
[Result "1/2-1/2"]
[WhiteElo "2136"]
[BlackElo "1964"]
[PlyCount "26"]
[EventDate "2014.??.??"]

1. Nf3 Nf6 2. c4 g6 3. g3 Bg7 4. Bg2 O-O 5. O-O d5 6. Na3 c6 7. Qc2 a5 8. cxd5
Nxd5 9. d4 Nb4 10. Qd1 Be6 11. b3 Bd5 12. Bb2 c5 13. Qd2 cxd4 1/2-1/2

[Event "MCR senioru 2014 - nad 70 let"]
[Site "Rychnov nad Kneznou"]
[Date "2014.08.24"]
[Round "9.4"]
[White "Vitek, Vaclav"]
[Black "Holecek, Vladimir"]
[Result "1/2-1/2"]
[WhiteElo "2049"]
[BlackElo "1969"]
[PlyCount "40"]
[EventDate "2014.??.??"]

1. f4 e5 2. d3 exf4 3. Bxf4 d5 4. Nf3 Nf6 5. c3 Bd6 6. Qd2 O-O 7. Na3 a6 8. Nc2
Re8 9. g3 Nc6 10. Bg2 Qe7 11. Bxd6 Qxd6 12. O-O-O Ne7 13. Rdf1 b5 14. e4 dxe4
15. Ng5 Bb7 16. Nxe4 Nxe4 17. Bxe4 Bxe4 18. dxe4 Qxd2+ 19. Kxd2 Rad8+ 20. Kc1
Nc6 1/2-1/2

[Event "MCR senioru 2014 - nad 70 let"]
[Site "Rychnov nad Kneznou"]
[Date "2014.08.24"]
[Round "9.5"]
[White "Bielavsky, Jiri"]
[Black "Slechta, Karel"]
[Result "1/2-1/2"]
[WhiteElo "2031"]
[BlackElo "1874"]
[PlyCount "73"]
[EventDate "2014.??.??"]

1. e4 c5 2. Nf3 d6 3. d4 cxd4 4. Nxd4 Nf6 5. Nc3 g6 6. Be3 Bg7 7. Be2 O-O 8.
O-O Nc6 9. Qd2 Bd7 10. Nxc6 Bxc6 11. Bf3 Re8 12. Rfe1 Qa5 13. Nd5 Qxd2 14. Bxd2
Nxd5 15. exd5 Bd7 16. c3 a6 17. Rad1 Rac8 18. Be3 Bf6 19. g3 Kg7 20. Bd4 Bxd4
21. Rxd4 Rc5 22. Red1 Rec8 23. Be2 Ra5 24. Bc4 Rac5 25. Bb3 Bb5 26. f4 Bc4 27.
Bxc4 Rxc4 28. Kf2 Rxd4 29. Rxd4 Rc5 30. Ke3 Kf6 31. Ke4 h5 32. Rb4 b5 33. a4 e6
34. axb5 exd5+ 35. Kd3 axb5 36. Rd4 Ke6 37. h3 1/2-1/2

[Event "MCR senioru 2014 - nad 70 let"]
[Site "Rychnov nad Kneznou"]
[Date "2014.08.24"]
[Round "9.6"]
[White "Jacek, Miloslav"]
[Black "Folta, Jaroslav"]
[Result "1/2-1/2"]
[WhiteElo "2030"]
[BlackElo "1847"]
[PlyCount "78"]
[EventDate "2014.??.??"]

1. e4 d6 2. d4 Nf6 3. Nc3 e5 4. Nf3 Nbd7 5. Bc4 Be7 6. O-O O-O 7. Re1 c6 8. Bb3
exd4 9. Nxd4 Ne5 10. a4 a6 11. Bg5 Qb6 12. a5 Qc7 13. Qd2 c5 14. Bxf6 Bxf6 15.
Nd5 Qd8 16. Ne2 Be6 17. Nxf6+ Qxf6 18. Qxd6 c4 19. Ba4 Rad8 20. Qb6 Rd2 21.
Rad1 Nf3+ 22. gxf3 Rxe2 23. Rxe2 Qxf3 24. Qe3 Qf6 25. c3 Bg4 26. Red2 Bxd1 27.
Bxd1 h6 28. Bf3 Re8 29. Bg2 Re5 30. Qb6 Qf4 31. Qd8+ Kh7 32. Rd1 Rh5 33. h3 Rb5
34. Qd2 Qh4 35. Qe2 Rxa5 36. Qxc4 Rg5 37. Kf1 Qf4 38. Kg1 Qf3 39. Qf1 Rxg2+
1/2-1/2

[Event "MCR senioru 2014 - nad 70 let"]
[Site "Rychnov nad Knìžnou"]
[Date "2014.08.24"]
[Round "9.7"]
[White "Havrlík, Pavel"]
[Black "Kudera, Jiøí"]
[Result "1-0"]
[WhiteElo "1879"]
[BlackElo "1843"]
[PlyCount "59"]
[EventDate "2014.08.18"]

1. c4 f5 2. d4 e6 3. Nc3 Bb4 4. Qd3 Nf6 5. a3 Bxc3+ 6. Qxc3 b6 7. f3 Bb7 8. Nh3
O-O 9. b4 Nh5 10. Bg5 Qe8 11. Bd2 d6 12. g3 Nd7 13. Bg2 h6 14. O-O g5 15. e4 f4
16. g4 Ng7 17. Nf2 e5 18. dxe5 Nxe5 19. Nd3 Rd8 20. Rad1 Qe6 21. Nxe5 dxe5 22.
Bc1 Ba6 23. b5 Bb7 24. Bb2 Rde8 25. a4 Qe7 26. Ba3 Qf6 27. Bxf8 Qxf8 28. c5
bxc5 29. Rd7 Re7 30. Qc4+ 1-0

[Event "MCR senioru 2014 - nad 70 let"]
[Site "Rychnov nad Knìžnou"]
[Date "2014.08.24"]
[Round "9.8"]
[White "Laszkiewicz, Jerzy"]
[Black "Glembek, Bohumír"]
[Result "1/2-1/2"]
[WhiteElo "1949"]
[BlackElo "1779"]
[PlyCount "30"]
[EventDate "2014.08.18"]

1. e4 Nf6 2. e5 Nd5 3. c4 Nb6 4. c5 Nd5 5. Nc3 Nxc3 6. bxc3 d6 7. exd6 exd6 8.
cxd6 Bxd6 9. d4 O-O 10. Nf3 Bg4 11. Be2 Re8 12. O-O Qe7 13. Be3 Nd7 14. Re1 Nf6
15. Nd2 Bxe2 1/2-1/2

[Event "MCR senioru 2014 - nad 70 let"]
[Site "Rychnov nad Knìžnou"]
[Date "2014.08.24"]
[Round "9.9"]
[White "Pavlù, Jiøí"]
[Black "Strakoš, Tomáš"]
[Result "1/2-1/2"]
[WhiteElo "1870"]
[BlackElo "1780"]
[PlyCount "83"]
[EventDate "2014.08.18"]

1. d4 Nf6 2. Nf3 g6 3. Bf4 Bg7 4. e3 O-O 5. Bd3 d6 6. h3 c5 7. c3 cxd4 8. exd4
d5 9. Nbd2 Nc6 10. O-O Re8 11. Re1 Qb6 12. Rb1 a5 13. a4 e6 14. Nb3 Bd7 15. Nc5
Bf8 16. Nxd7 Nxd7 17. Bb5 Qd8 18. Ne5 Ndxe5 19. Bxe5 f6 20. Bf4 g5 21. Bh2 Bd6
22. Bxd6 Qxd6 23. Qh5 Re7 24. Re2 Rf8 25. Rbe1 Nd8 26. Bd3 Rg7 27. Re3 Qd7 28.
Bb5 Qf7 29. Qe2 f5 30. c4 f4 31. Re5 f3 32. Qe3 fxg2 33. cxd5 exd5 34. Re8 Nc6
35. Rxf8+ Kxf8 36. Qa3+ Kg8 37. Bxc6 bxc6 38. Qd6 h5 39. Qxc6 g4 40. hxg4 hxg4
41. Qe8+ Qxe8 42. Rxe8+ 1/2-1/2

[Event "MCR senioru 2014 - nad 70 let"]
[Site "Rychnov nad Knìžnou"]
[Date "2014.08.24"]
[Round "9.10"]
[White "Zikmund, Jaroslav"]
[Black "Blažek, Jaroslav"]
[Result "1/2-1/2"]
[WhiteElo "1852"]
[BlackElo "1701"]
[PlyCount "29"]
[EventDate "2014.08.18"]

1. d4 d5 2. c4 c6 3. e3 e6 4. Nc3 Nf6 5. Nf3 Bd6 6. Bd2 O-O 7. Bd3 dxc4 8. Bxc4
b5 9. Bd3 Bb7 10. Ne4 Nxe4 11. Bxe4 Nd7 12. O-O Nf6 13. Qc2 Nxe4 14. Qxe4 Qe7
15. Ne5 1/2-1/2

[Event "MCR senioru 2014 - nad 70 let"]
[Site "Rychnov nad Knìžnou"]
[Date "2014.08.24"]
[Round "9.11"]
[White "Mutina, Antonín"]
[Black "Walter, Jaroslav"]
[Result "1/2-1/2"]
[WhiteElo "1970"]
[BlackElo "1742"]
[PlyCount "128"]
[EventDate "2014.08.18"]

1. d4 d5 2. Nf3 Nf6 3. Bg5 Ne4 4. Bh4 Bf5 5. e3 Nc6 6. Bb5 Qd6 7. c3 a6 8. Ba4
b5 9. Bc2 Qg6 10. O-O Bh3 11. Ne1 Bf5 12. Bxe4 Bxe4 13. Nd2 Bf5 14. Bg3 Rc8 15.
b4 h5 16. Ndf3 Be4 17. a4 Na7 18. Qd2 Qf6 19. h4 Qc6 20. Ne5 Qb6 21. N5d3 e6
22. axb5 Nxb5 23. Nc5 Bxc5 24. bxc5 Qb7 25. Nd3 Bxd3 26. Qxd3 c6 27. Rfb1 O-O
28. f3 f5 29. Be1 Ra8 30. c4 dxc4 31. Qxc4 Qd7 32. Rd1 Qd5 33. Qxd5 exd5 34.
Ra5 Rfe8 35. Bd2 Re7 36. Rda1 Nc7 37. Rb1 Nb5 38. Kf2 Kf7 39. Ra4 g6 40. Kg3
Kf6 41. Kf2 Kf7 42. Rba1 Rea7 43. Ba5 Re7 44. g3 Rae8 45. Bd2 Nc7 46. Rb1 Nb5
47. Ke2 Ra8 48. Kd3 Ke8 49. Rba1 Rea7 50. Ba5 Nc7 51. Bxc7 Rxc7 52. Rxa6 Rxa6
53. Rxa6 Kf7 54. e4 fxe4+ 55. fxe4 Ke6 56. Ke3 Rc8 57. Rb6 Rc7 58. Rb8 Ra7 59.
Rd8 Ra3+ 60. Kf4 Rd3 61. Rd6+ Kf7 62. Rxc6 Rxd4 63. Kf3 Rxe4 64. Rb6 Rc4
1/2-1/2

[Event "MCR senioru 2014 - nad 70 let"]
[Site "Rychnov nad Knìžnou"]
[Date "2014.08.24"]
[Round "9.12"]
[White "Vlasák, Ladislav"]
[Black "Molendzki, Tomasz"]
[Result "0-1"]
[WhiteElo "1806"]
[BlackElo "1823"]
[PlyCount "82"]
[EventDate "2014.08.18"]

1. e4 c5 2. Nc3 Nc6 3. g3 g6 4. Bg2 Bg7 5. d3 e6 6. Be3 Nd4 7. Nce2 Nxe2 8.
Nxe2 Bxb2 9. Rb1 Qa5+ 10. Qd2 Qxa2 11. O-O d6 12. c3 Qa5 13. Qxb2 Ne7 14. Qb5+
Qxb5 15. Rxb5 b6 16. Ra1 Bb7 17. d4 Kd7 18. dxc5 dxc5 19. Rd1+ Kc6 20. Rb2 Rhd8
21. Rbd2 Rxd2 22. Rxd2 e5 23. Bg5 Ng8 24. Bh3 f6 25. Be3 Ne7 26. f4 Bc8 27. f5
gxf5 28. exf5 Bxf5 29. Bxf5 Nxf5 30. Kf2 a5 31. g4 Nd6 32. Ng3 b5 33. Ra2 a4
34. Ke2 b4 35. cxb4 cxb4 36. Rc2+ Kd5 37. Rc5+ Ke6 38. Rc6 Ke7 39. Rb6 b3 40.
Kd3 a3 41. Bc5 a2 0-1